000 00652nam a2200205Ii 4500
003 JO-AjNU
008 230605s9999||||xx |||||||||||||| ||und||
017 _a2004/6/1353
040 _aJO-AjNU
_bara
_erda
_cJO-AjNU
041 _aara
050 1 4 _aPS3345 2004
100 3 _aترجمة القضاة، عودة,
_eauthor
_948664
245 0 0 _aالطارة: قصص مترجمة
264 3 1 _aعمان: وزارة الثقافة، 2004
300 _a136ص
336 _atext
_btxt
_2rdacontent
337 _aunmediated
_bn
_2rdamedia
338 _avolume
_bnc
_2rdacarrier
650 4 _aالقصص الانجليزية -الادب المترجم
_948665
999 _aA21327
_c24895
_d24895